Statistics for SEAT Car Models Worldwide 2021-22

Click here to take the quiz!

General Stats

  • This quiz has been taken 128 times
    (70 since last reset)
  • The average score is 7 of 9

Answer Stats

HintAnswer% Correct
Compact HatchbackLeón
96%
Compact Hatchback PHEVLeón PHEV
96%
Compact WagonLeón ST
96%
Compact Wagon PHEVLeón ST PHEV
96%
Subcompact HatchbackIbiza
95%
Compact CrossoverAteca
75%
Subcompact CrossoverArona
69%
Midsize CrossoverTarraco
55%
Midsize Crossover PHEVTarraco PHEV
55%

Score Distribution

Percentile by Number Answered

Percent of People with Each Score

Your Score History

You have not taken this quiz since the last reset